| 000 | 00961nam a2200181 i 4500 | ||
|---|---|---|---|
| 001 | 168281 | ||
| 003 | ES-MaACL | ||
| 005 | 20230906213733.0 | ||
| 008 | 931025s1813 sp |||| | spa d | ||
| 245 | 0 | 0 |
_aEstablecimiento del Tribunal de la Santa Inquisición en España _b: sacado del cap. 49 del libro 20 de los Anales de Aragón de Geronimo de Zurita para instruir al pueblo sobre la cita que de este autor hace el informe de la Comisión de Constitución a las Cortes. |
| 260 |
_a[Cádiz : _bs.n., _c1813] ( _fImp. de la Junta de Provincia en la Casa de Misericordia) |
||
| 300 |
_a8 p. ; _c20 cm. |
||
| 530 | _aDisponible en formato digital. | ||
| 650 | 0 | 4 |
_aInquisición- _zEspaña- _yS.XIX. _913800 |
| 700 | 1 |
_aZurita, Jerónimo. _9118536 |
|
| 852 |
_aES-MaACL _jR-3098(7) _x Olim:D-621 _z- Enc. hol. _z. - Sello de la Biblioteca de Salvador J. Trillo |
||
| 856 |
_uhttp://bdh-rd.bne.es/viewer.vm?id=0000132578&page=1 _zBiblioteca Digital Hispánica |
||
| 999 |
_c168281 _d168281 |
||